Hề chèo

Sách giới thiệu về nội dung, quan điểm, nghệ thuật, biểu diễn, hạn chế và các vấn đề về chọn lọc mẫu hề chèo

Salvato in:
Dettagli Bibliografici
Autore principale: Hà, Văn Cầu
Natura: Libro
Lingua:Undetermined
Pubblicazione: Hà Nội Khoa học - Xã hội 2015
Soggetti:
Tags: Aggiungi Tag
Nessun Tag, puoi essere il primo ad aggiungerne! !
Thư viện lưu trữ: Trung tâm Học liệu Trường Đại học Cần Thơ
LEADER 00723nam a2200193Ia 4500
001 CTU_209715
008 210402s9999 xx 000 0 und d
082 |a 792.09597 
082 |b C125 
100 |a Hà, Văn Cầu 
245 0 |a Hề chèo 
245 0 |c Hà Văn Cầu 
260 |a Hà Nội 
260 |b Khoa học - Xã hội 
260 |c 2015 
520 |a Sách giới thiệu về nội dung, quan điểm, nghệ thuật, biểu diễn, hạn chế và các vấn đề về chọn lọc mẫu hề chèo 
650 |a Kịch Việt Nam,Vietnamese drama 
904 |i Huỳnh Thị Ngọc Ngân 
980 |a Trung tâm Học liệu Trường Đại học Cần Thơ